00522nam a22001577a 4500003000200000005001700002008004100019020001800060050002200078100003000100245006300130260005300193300003800246504005100284650002900335020241018122836.0241018b xxu||||| |||| 00| 0 eng d a9781774697931 aQ 335b.Sa25 2024 aSalter, Kaitlyn,eauthor. aIntroduction to artificial intelligence /cKaitlyn Salter. aBurlington, ON :bToronto Academic Press,c2024. axi, 205 p. :bcol. ill. ;c26 cm. aIncludes bibliographical references and index. aArtificial intelligence.